000 004730000a22001810004500
003 MACL
005 20160105140840.0
008 160105b xxu||||| |||| 00| 0 eng d
040 _aMACL
_cMACL
041 _aEnglish
082 _a823.3/DHA
100 _aDhanki, Joginder singh
_928061
245 _aThe story of my life by lala Lajpat rai
260 _bGitanjali Prakashan
_c1978
_aNew Delhi
350 _a50
650 _aBiography
_928062
942 _cBK
_k823.3/Dha
_2ddc
999 _c33969
_d33969